000 00764nam a2200241Ia 4500
003 OSt
005 20220918202600.0
006 a|||||r|||| 00| 0
007 ta
008 220917b |||||||| |||| 00| 0 eng d
024 _a102,299
037 _cTextual
040 _aARTS
_cARTS
_beng
041 _2eng
_aeng
082 _aV23691.M66<-K52, L7
100 _aGriffin Lepel Henry
_9104436
245 0 _aRajas of the Punjab
_b being the history of the principal states in the Punjab and their political relations wiht the British government
260 _aNew Delhi
_bManu
_c1977
300 _aviii,661+xvi+17p.
_ccm.
650 _aHISTORY
942 _hV23691.M66<-K52, L7
_cTEXL
_2CC
999 _c225758
_d225758